Bioquímica de Harper

Guardat en:
Dades bibliogràfiques
Autor principal: Murray, Robert K. (autor)
Altres autors: Granner, Daryl K, Mayes, Peter A, Rodwell, Victor W
Format: Llibre
Idioma:espanyol
Publicat: Ciudad de México El Manual Moderno 1994
Edició:Décimo tercera edición
Matèries:
Etiquetes: Afegir etiqueta
Sense etiquetes, Sigues el primer a etiquetar aquest registre!

MARC

LEADER 00000nam a2200000 a 4500
001 UCS6833
003 CL-VaPUC
005 20240723113041.0
008 971003e19940000MX |||||||||||||||||spa|d
999 |c 262398  |d 262396 
040 |c Pontificia Universidad Católica de Valparaíso 
082 0 4 |a 572 MUR 1994  |2 21 
100 |a Murray, Robert K.  |e autor  |9 306882 
245 1 0 |a Bioquímica de Harper 
250 |a Décimo tercera edición 
260 |a Ciudad de México  |b El Manual Moderno  |c 1994 
300 |a 961 páginas 
583 |a last modification  |c 19971003 00:00:00  |k Rodrigo Vera 
650 0 |a Bioquímica   |9 259492 
650 0 |a Biomoléculas   |9 263074 
650 7 |a PROTEINAS  |2 CL-VaPUC  |9 392231 
650 0 |a Enzimas  |9 262984 
650 0 |a Bioenergética   |9 264272 
650 0 |a METABOLISMO DE LAS PROTEINAS  |2 CL-VaPUC  |9 361290 
650 7 |a MACROMOLECULAS  |2 CL-VaPUC  |9 313728 
700 0 |a Granner, Daryl K  |9 392228 
700 0 |a Mayes, Peter A  |9 392229 
700 0 |a Rodwell, Victor W  |9 392230 
942 |c BK  |2 ddc 
945 |d 19971003 00:00:00  |a rleighto 
952 |0 0  |1 0  |2 ddc  |4 0  |6 572_000000000000000_MUR_1994  |7 0  |8 A  |9 290820  |a BIBCUR  |b BIBCUR  |d 2019-11-19  |i 3352544  |o 572 MUR 1994  |p 3352544  |r 2025-04-22  |t 2  |w 2019-11-19  |y BK  |k BIO 
952 |0 0  |1 0  |2 ddc  |4 0  |6 572_000000000000000_MUR_1994  |7 0  |8 A  |9 290821  |a BIBCUR  |b BIBCUR  |c PAC  |d 2019-11-19  |i 3352552  |o 572 MUR 1994  |p 3352552  |r 2025-04-22  |t 3  |w 2019-11-19  |y BK  |k BIO